00375pab a2200145 454500008004000000100001800040245006700058260000900125300001300134362001200147650002000159650001400179700001500193773002100208180718b2006 xxu||||| |||| 00| 0 eng d aAthreya, V.B. aEducation and health in the draft eleventh plan approach paper c2006 ap.21-33. aSep-Oct aHealth services aEducation aRao, Mohan aSocial Scientist